<?xml version="1.0" encoding="UTF-8"?>
<record
    xmlns:xsi="http://www.w3.org/2001/XMLSchema-instance"
    xsi:schemaLocation="http://www.loc.gov/MARC21/slim http://www.loc.gov/standards/marcxml/schema/MARC21slim.xsd"
    xmlns="http://www.loc.gov/MARC21/slim">

  <leader>00563nam a22001817a 4500</leader>
  <datafield tag="999" ind1=" " ind2=" ">
    <subfield code="c">196027</subfield>
    <subfield code="d">196027</subfield>
  </datafield>
  <controlfield tag="005">20230517152621.0</controlfield>
  <datafield tag="010" ind1=" " ind2=" ">
    <subfield code="a">ENG-136947</subfield>
  </datafield>
  <datafield tag="020" ind1=" " ind2=" ">
    <subfield code="a">9789382711186</subfield>
    <subfield code="c">399.00</subfield>
  </datafield>
  <datafield tag="035" ind1=" " ind2=" ">
    <subfield code="a">EN-120479</subfield>
  </datafield>
  <datafield tag="037" ind1=" " ind2=" ">
    <subfield code="b">DBAD/PUB</subfield>
  </datafield>
  <datafield tag="082" ind1=" " ind2=" ">
    <subfield code="a">923</subfield>
  </datafield>
  <datafield tag="100" ind1=" " ind2=" ">
    <subfield code="a">Verma, Sudesh</subfield>
  </datafield>
  <datafield tag="245" ind1=" " ind2=" ">
    <subfield code="a">Narendra Modi The Game Changer /</subfield>
    <subfield code="c">By Sudesh Verma</subfield>
  </datafield>
  <datafield tag="260" ind1=" " ind2=" ">
    <subfield code="b">Vitasta Publishing Pvt Ltd</subfield>
    <subfield code="c">2017</subfield>
    <subfield code="a">New Delhi </subfield>
  </datafield>
  <datafield tag="270" ind1=" " ind2=" ">
    <subfield code="a">2-15, Ansari Road, Darya Ganj </subfield>
    <subfield code="b">New Delhi </subfield>
    <subfield code="e">110002</subfield>
    <subfield code="m">info@vitastapublishing.com</subfield>
  </datafield>
  <datafield tag="300" ind1=" " ind2=" ">
    <subfield code="a">457p.;</subfield>
    <subfield code="c">22cm(pbk)</subfield>
  </datafield>
  <datafield tag="942" ind1=" " ind2=" ">
    <subfield code="2">ddc</subfield>
    <subfield code="c">EN</subfield>
    <subfield code="h">923</subfield>
    <subfield code="m">VER</subfield>
  </datafield>
  <datafield tag="952" ind1=" " ind2=" ">
    <subfield code="0">0</subfield>
    <subfield code="1">0</subfield>
    <subfield code="4">0</subfield>
    <subfield code="7">0</subfield>
    <subfield code="8">NFIC</subfield>
    <subfield code="a">AV</subfield>
    <subfield code="b">AV</subfield>
    <subfield code="d">2023-05-17</subfield>
    <subfield code="e">DBAD/PUB</subfield>
    <subfield code="g">399.00</subfield>
    <subfield code="l">1</subfield>
    <subfield code="m">2</subfield>
    <subfield code="o">923 VER</subfield>
    <subfield code="p">EN-120479</subfield>
    <subfield code="r">2025-07-18 00:00:00</subfield>
    <subfield code="s">2025-07-03</subfield>
    <subfield code="t">1</subfield>
    <subfield code="v">399.00</subfield>
    <subfield code="y">EN</subfield>
  </datafield>
</record>
